| 000 | 01250nas a2200277 4500 | ||
|---|---|---|---|
| 001 | BR8300460 | ||
| 003 | BR-BrBNA | ||
| 005 | 20231205085418.0 | ||
| 007 | ta | ||
| 008 | 230509b bl.|||p| |||| 00| 00por d | ||
| 040 |
_aBR-BrBNA _bpor _cBiblioteca Nacional de Agricultura |
||
| 041 | _a(En) | ||
| 072 | _aH20 | ||
| 100 | 1 | _aAdisa, V.A. | |
| 100 | 1 | _aFajola, A.O. | |
| 245 | 1 | _aCarbon nutrition of six fruit rot pathogens of Citrus sinensis [laranja, podridao mole, podridao seca, morte descendente, mofo verde, Aspergillus aculeatus, Botryodiplodia theobromae, Choanephora trispora, Penicillium digitatum, Aspergillus meleus, Penicillium citrinum] | |
| 246 | 1 | _aCarbon nutrition of six fruit rot pathogens of Citrus sinensis [orange, soft rot, dry rot, descending death, green mould, Aspergillus aculeatus, Botryodiplodia theobromae, Choanephora trispora, Penicillium digitatum, Aspergillus meleus, Penicillium citrinum] | |
| 650 | _aLARANJA | ||
| 650 | _aPODRIDAO MOLE | ||
| 650 | _aPODRIDAO SECA | ||
| 650 | _aMORTE DESCENDENTE | ||
| 650 | _aMOFO VERDE | ||
| 773 | 0 |
_tFitopatologia Brasileira (Brazil) _xISSN 0100-4158 _g(Oct 1982), v. 7(3) p. 359-363 _wBR8300460 |
|
| 909 |
_a202311 _bLúcia _c55 _dLúcia Elande |
||
| 942 |
_2AGRIS _n0 _cANA |
||
| 999 |
_c111282 _d111282 |
||